000
00243nam a2200097Ia 4500
001
653621
005
20250826154501.0
008
250824s9999 xx 000 0 und d
245
0
_a
ARTIK GÜLSEM DE GAM YEMEM
_c
MİNE SOTA
260
_b
GENÇ TİMAŞ
999
_c
653621
_d
653621